[Event "Blitz 2018"]
[Site "Saint-Petersburg"]
[Date "2018.12.29"]
[Round "7"]
[Board "48"]
[White "Belozerov Andrei (RUS)"]
[Black "Salem A.R. Saleh (UAE)"]
[Result "0-1"]
[LiveChessVersion "1.4.8"]
[BlackElo "2645"]
[WhiteElo "2518"]

1. e4 {[%clk 0:03:02]} c5 {[%clk 0:03:04]} 2. Nf3 {[%clk 0:03:03]} d6
{[%clk 0:03:05]} 3. Bb5+ {[%clk 0:03:04]} Nd7 {[%clk 0:03:06]} 4. d4
{[%clk 0:03:05]} cxd4 {[%clk 0:03:07]} 5. Qxd4 {[%clk 0:03:06]} a6
{[%clk 0:03:06]} 6. Bxd7+ {[%clk 0:03:06]} Bxd7 {[%clk 0:03:07]} 7. c4
{[%clk 0:03:07]} Nf6 {[%clk 0:03:07]} 8. Bg5 {[%clk 0:03:07]} e6 {[%clk 0:03:07]}
9. Nc3 {[%clk 0:03:07]} Be7 {[%clk 0:03:08]} 10. O-O {[%clk 0:02:58]} O-O
{[%clk 0:03:08]} 11. a4 {[%clk 0:02:48]} Bc6 {[%clk 0:03:09]} 12. b3
{[%clk 0:02:23]} h6 {[%clk 0:03:09]} 13. Bh4 {[%clk 0:02:20]} Qa5
{[%clk 0:03:01]} 14. Rfe1 {[%clk 0:02:08]} Rfd8 {[%clk 0:03:02]} 15. Qd3
{[%clk 0:01:54]} Qh5 {[%clk 0:02:57]} 16. Rad1 {[%clk 0:01:43]} Rac8
{[%clk 0:02:58]} 17. Bg3 {[%clk 0:01:35]} Qa5 {[%clk 0:02:47]} 18. Bh4
{[%clk 0:01:32]} Qh5 {[%clk 0:02:47]} 19. Bg3 {[%clk 0:01:33]} Be8
{[%clk 0:02:42]} 20. Nd4 {[%clk 0:01:30]} Nd7 {[%clk 0:02:36]} 21. Qe2
{[%clk 0:01:14]} Qa5 {[%clk 0:02:36]} 22. Qe3 {[%clk 0:00:59]} Bg5
{[%clk 0:02:26]} 23. Qd3 {[%clk 0:00:52]} Nc5 {[%clk 0:02:19]} 24. Qc2
{[%clk 0:00:52]} Bf6 {[%clk 0:02:20]} 25. Nce2 {[%clk 0:00:46]} Qb4
{[%clk 0:02:08]} 26. Rb1 {[%clk 0:00:42]} b5 27. axb5 {[%clk 0:00:40]} axb5
{[%clk 0:01:49]} 28. Red1 {[%clk 0:00:39]} bxc4 {[%clk 0:01:38]} 29. bxc4
{[%clk 0:00:41]} Qa4 {[%clk 0:01:36]} 30. f3 {[%clk 0:00:27]} Qxc2
{[%clk 0:01:30]} 31. Nxc2 {[%clk 0:00:28]} Ba4 {[%clk 0:01:31]} 32. Rd2
{[%clk 0:00:18]} d5 {[%clk 0:00:53]} 33. cxd5 Nb3 34. Rxb3 {[%clk 0:00:13]} Bxb3
{[%clk 0:00:56]} 35. Ncd4 {[%clk 0:00:14]} Bc4 {[%clk 0:00:53]} 36. e5
{[%clk 0:00:13]} Be7 {[%clk 0:00:19]} 37. d6 {[%clk 0:00:14]} Bf8
{[%clk 0:00:19]} 38. f4 {[%clk 0:00:14]} g5 {[%clk 0:00:18]} 39. Kf2
{[%clk 0:00:14]} Bxe2 {[%clk 0:00:16]} 40. Nxe2 {[%clk 0:00:14]} Rc4
{[%clk 0:00:16]} 41. h4 {[%clk 0:00:13]} gxf4 {[%clk 0:00:16]} 42. Bxf4
{[%clk 0:00:13]} Bg7 {[%clk 0:00:17]} 43. g3 {[%clk 0:00:14]} h5 {[%clk 0:00:17]}
44. Ng1 {[%clk 0:00:14]} Kf8 {[%clk 0:00:14]} 45. Nf3 {[%clk 0:00:15]} Ke8
{[%clk 0:00:16]} 46. Ra2 {[%clk 0:00:16]} Rb8 {[%clk 0:00:11]} 47. Ng5
{[%clk 0:00:16]} Rcb4 {[%clk 0:00:07]} 48. Ra7 {[%clk 0:00:14]} R4b7
{[%clk 0:00:08]} 49. Ra6 {[%clk 0:00:15]} Rb2+ {[%clk 0:00:06]} 50. Ke3
{[%clk 0:00:16]} R2b3+ {[%clk 0:00:06]} 51. Kd4 {[%clk 0:00:17]} R3b5
{[%clk 0:00:05]} 52. Ra7 {[%clk 0:00:17]} R5b7 {[%clk 0:00:06]} 53. Ra6
{[%clk 0:00:18]} Rb6 {[%clk 0:00:07]} 54. Ra7 {[%clk 0:00:19]} Rxd6+
{[%clk 0:00:08]} 55. Ke3 {[%clk 0:00:19]} Rd7 {[%clk 0:00:07]} 56. Rxd7
{[%clk 0:00:20]} Kxd7 {[%clk 0:00:09]} 57. Nxf7 {[%clk 0:00:21]} Rb5
{[%clk 0:00:09]} 58. Ke4 {[%clk 0:00:21]} Rb4+ {[%clk 0:00:09]} 59. Kf3
{[%clk 0:00:22]} Rb3+ {[%clk 0:00:10]} 60. Ke4 {[%clk 0:00:23]} Bf8
{[%clk 0:00:09]} 61. Ng5 {[%clk 0:00:22]} Be7 {[%clk 0:00:08]} 62. Nf3 Bc5 63.
Nd2 {[%clk 0:00:19]} Ra3 {[%clk 0:00:09]} 64. Nf1 {[%clk 0:00:15]} Bf2
{[%clk 0:00:09]} 65. Nd2 {[%clk 0:00:11]} Bxg3 {[%clk 0:00:09]} 66. Nc4
{[%clk 0:00:07]} Ra4 {[%clk 0:00:11]} 67. Bxg3 {[%clk 0:00:06]} Rxc4+
{[%clk 0:00:12]} 68. Kf3 {[%clk 0:00:07]} Rg4 {[%clk 0:00:09]} 69. Kf2
{[%clk 0:00:07]} Kc6 {[%clk 0:00:11]} 70. Kf3 {[%clk 0:00:08]} Kd5
{[%clk 0:00:12]} 71. Kf2 {[%clk 0:00:09]} Kxe5 0-1

[Event "Blitz 2018"]
[Site "Saint-Petersburg"]
[Date "2018.12.29"]
[Round "7"]
[Board "49"]
[White "Salgado Lopez Ivan (ESP)"]
[Black "Bindrich Falko (GER)"]
[Result "1/2-1/2"]
[LiveChessVersion "1.4.8"]
[BlackElo "2639"]
[WhiteElo "2513"]

1. d4 {[%clk 0:03:02]} d5 {[%clk 0:03:03]} 2. Nf3 {[%clk 0:03:03]} Nf6
{[%clk 0:03:04]} 3. Bf4 {[%clk 0:02:57]} e6 {[%clk 0:03:05]} 4. c3
{[%clk 0:02:57]} Bd6 {[%clk 0:03:06]} 5. Bg3 {[%clk 0:02:57]} O-O
{[%clk 0:03:06]} 6. e3 {[%clk 0:02:57]} b6 {[%clk 0:03:06]} 7. Nbd2
{[%clk 0:02:57]} c5 {[%clk 0:03:07]} 8. Bd3 {[%clk 0:02:52]} Qc7 {[%clk 0:03:07]}
9. Bxd6 {[%clk 0:02:43]} Qxd6 {[%clk 0:03:08]} 10. e4 {[%clk 0:02:43]} Qf4
{[%clk 0:02:18]} 11. g3 {[%clk 0:02:23]} Qh6 {[%clk 0:02:02]} 12. e5
{[%clk 0:02:20]} Nfd7 {[%clk 0:02:02]} 13. Qe2 {[%clk 0:02:12]} a5
{[%clk 0:01:57]} 14. a4 {[%clk 0:02:10]} Ba6 {[%clk 0:01:54]} 15. Bb5
{[%clk 0:02:11]} Rc8 {[%clk 0:01:40]} 16. O-O {[%clk 0:02:06]} Bxb5
{[%clk 0:00:59]} 17. axb5 {[%clk 0:02:07]} Ra7 {[%clk 0:00:56]} 18. c4
{[%clk 0:01:55]} Rac7 {[%clk 0:00:55]} 19. cxd5 {[%clk 0:01:35]} exd5
{[%clk 0:00:56]} 20. dxc5 {[%clk 0:01:35]} Nxc5 {[%clk 0:00:56]} 21. Nd4
{[%clk 0:01:34]} Qg6 {[%clk 0:00:52]} 22. Rad1 {[%clk 0:01:19]} Ne6
{[%clk 0:00:53]} 23. N2f3 {[%clk 0:01:17]} Rc5 {[%clk 0:00:43]} 24. Rfe1
{[%clk 0:01:14]} h6 {[%clk 0:00:44]} 25. Nxe6 {[%clk 0:01:01]} fxe6
{[%clk 0:00:45]} 26. Nd4 {[%clk 0:01:02]} Qf7 {[%clk 0:00:37]} 27. h4
{[%clk 0:00:58]} Nd7 {[%clk 0:00:38]} 28. Nc6 {[%clk 0:00:56]} Nb8
{[%clk 0:00:39]} 29. Nd4 {[%clk 0:00:57]} Nd7 {[%clk 0:00:37]} 30. Kg2
{[%clk 0:00:52]} Rc4 {[%clk 0:00:36]} 31. Rd3 {[%clk 0:00:43]} Nc5
{[%clk 0:00:32]} 32. Rf3 {[%clk 0:00:43]} Qg6 {[%clk 0:00:27]} 33. h5
{[%clk 0:00:44]} Qe4 {[%clk 0:00:25]} 34. Nc6 {[%clk 0:00:29]} Qxe2
{[%clk 0:00:19]} 35. Rxe2 {[%clk 0:00:30]} Rc7 {[%clk 0:00:18]} 36. Rd2
{[%clk 0:00:21]} Ne4 {[%clk 0:00:17]} 37. Re2 {[%clk 0:00:21]} Rc5
{[%clk 0:00:17]} 38. Nd4 {[%clk 0:00:21]} Rc1 {[%clk 0:00:18]} 39. Nxe6
{[%clk 0:00:21]} Re7 {[%clk 0:00:15]} 40. Nf4 {[%clk 0:00:19]} Rxe5
{[%clk 0:00:15]} 41. Ng6 {[%clk 0:00:20]} Re8 {[%clk 0:00:16]} 42. Rf5
{[%clk 0:00:22]} Rcc8 {[%clk 0:00:12]} 43. Rxd5 {[%clk 0:00:21]} Rb8
{[%clk 0:00:08]} 44. Rd7 {[%clk 0:00:20]} Nf6 {[%clk 0:00:09]} 45. Rde7
{[%clk 0:00:12]} Rxe7 {[%clk 0:00:09]} 46. Nxe7+ {[%clk 0:00:13]} Kf7
{[%clk 0:00:10]} 47. Nc6 {[%clk 0:00:15]} Re8 {[%clk 0:00:07]} 48. Ne5+
{[%clk 0:00:15]} Kg8 {[%clk 0:00:08]} 49. g4 {[%clk 0:00:16]} Nxg4
{[%clk 0:00:09]} 50. f4 {[%clk 0:00:15]} Nf6 {[%clk 0:00:11]} 51. Rc2
{[%clk 0:00:10]} Nxh5 {[%clk 0:00:12]} 52. Ng6 {[%clk 0:00:12]} Nf6
{[%clk 0:00:10]} 53. Rc6 {[%clk 0:00:11]} Nd5 {[%clk 0:00:11]} 54. Rd6
{[%clk 0:00:11]} Ne3+ {[%clk 0:00:11]} 55. Kf3 {[%clk 0:00:10]} Nc4
{[%clk 0:00:11]} 56. Rc6 {[%clk 0:00:11]} Nxb2 {[%clk 0:00:12]} 57. Rxb6
{[%clk 0:00:12]} Nc4 {[%clk 0:00:13]} 58. Rb7 {[%clk 0:00:11]} Nd6
{[%clk 0:00:10]} 59. Rb6 {[%clk 0:00:09]} Nf5 {[%clk 0:00:11]} 60. Kg4
{[%clk 0:00:06]} Ne3+ {[%clk 0:00:12]} 61. Kf3 {[%clk 0:00:06]} h5
{[%clk 0:00:08]} 62. Ne5 {[%clk 0:00:06]} Nd5 {[%clk 0:00:06]} 63. Rd6
{[%clk 0:00:06]} Nb4 {[%clk 0:00:05]} 64. b6 {[%clk 0:00:07]} Rb8
{[%clk 0:00:05]} 65. Nc4 {[%clk 0:00:05]} a4 {[%clk 0:00:06]} 66. Rd7
{[%clk 0:00:06]} a3 {[%clk 0:00:06]} 67. Ra7 {[%clk 0:00:07]} a2 {[%clk 0:00:08]}
68. b7 {[%clk 0:00:06]} a1=Q {[%clk 0:00:08]} 69. Rxa1 {[%clk 0:00:04]} Rxb7
{[%clk 0:00:09]} 70. Rb1 {[%clk 0:00:04]} Rb8 {[%clk 0:00:08]} 71. Ne5
{[%clk 0:00:03]} Nc6 {[%clk 0:00:09]} 72. Re1 {[%clk 0:00:03]} Nd4+
{[%clk 0:00:07]} 73. Ke4 {[%clk 0:00:04]} Ne6 {[%clk 0:00:08]} 74. Rh1
{[%clk 0:00:04]} Rb4+ {[%clk 0:00:09]} 75. Kf5 {[%clk 0:00:04]} Nxf4
{[%clk 0:00:07]} 76. Rh4 {[%clk 0:00:05]} Nd5 {[%clk 0:00:07]} 77. Rxb4
{[%clk 0:00:06]} Nxb4 {[%clk 0:00:08]} 78. Kg5 {[%clk 0:00:07]} Nd5
{[%clk 0:00:08]} 79. Kxh5 1/2-1/2

[Event "Blitz 2018"]
[Site "Saint-Petersburg"]
[Date "2018.12.29"]
[Round "7"]
[Board "50"]
[White "Savchenko Boris (RUS)"]
[Black "Geller Jakov (RUS)"]
[Result "1-0"]
[LiveChessVersion "1.4.8"]
[BlackElo "2528"]
[WhiteElo "2639"]

1. e4 {[%clk 0:03:03]} c5 {[%clk 0:03:03]} 2. Nf3 {[%clk 0:03:04]} e6
{[%clk 0:03:04]} 3. c3 {[%clk 0:03:05]} d5 {[%clk 0:03:02]} 4. e5
{[%clk 0:03:05]} d4 {[%clk 0:03:03]} 5. Bd3 {[%clk 0:03:06]} Bd7 {[%clk 0:03:03]}
6. Na3 {[%clk 0:03:06]} Bc6 {[%clk 0:02:59]} 7. Qe2 {[%clk 0:03:07]} a6
{[%clk 0:02:25]} 8. O-O {[%clk 0:03:03]} Ne7 {[%clk 0:02:25]} 9. Nc4
{[%clk 0:03:00]} Ng6 {[%clk 0:02:19]} 10. a4 {[%clk 0:02:58]} Nf4
{[%clk 0:02:16]} 11. Qd1 {[%clk 0:02:55]} Nxd3 {[%clk 0:02:15]} 12. cxd4
{[%clk 0:02:55]} cxd4 {[%clk 0:02:14]} 13. Qb3 {[%clk 0:02:53]} Nc5
{[%clk 0:02:09]} 14. Qa3 {[%clk 0:02:54]} d3 {[%clk 0:01:49]} 15. Ne1
{[%clk 0:02:51]} a5 {[%clk 0:01:30]} 16. b3 {[%clk 0:02:47]} Nba6
{[%clk 0:01:29]} 17. Qb2 {[%clk 0:02:43]} Nb4 {[%clk 0:01:29]} 18. f3
{[%clk 0:02:41]} Be7 {[%clk 0:01:29]} 19. Qc3 {[%clk 0:02:42]} O-O
{[%clk 0:01:28]} 20. Bb2 {[%clk 0:02:43]} Rc8 {[%clk 0:01:21]} 21. Ba3
{[%clk 0:02:41]} Nd5 {[%clk 0:01:09]} 22. Qb2 {[%clk 0:02:36]} Nf4
{[%clk 0:01:08]} 23. Kh1 {[%clk 0:02:37]} Ne2 {[%clk 0:01:02]} 24. Qb1
{[%clk 0:02:26]} Rc7 {[%clk 0:00:55]} 25. Nxa5 {[%clk 0:02:26]} Qd5
{[%clk 0:00:33]} 26. Nc4 {[%clk 0:02:24]} Rd8 {[%clk 0:00:28]} 27. Bb4
{[%clk 0:02:22]} Rb8 {[%clk 0:00:09]} 28. Ba5 {[%clk 0:02:16]} Rcc8
{[%clk 0:00:10]} 29. Bb6 {[%clk 0:02:12]} Nd7 {[%clk 0:00:10]} 30. Ba7
{[%clk 0:02:12]} Ra8 {[%clk 0:00:11]} 31. Bf2 {[%clk 0:02:11]} b5
{[%clk 0:00:13]} 32. Ne3 {[%clk 0:02:07]} Qxe5 {[%clk 0:00:12]} 33. Nxd3
{[%clk 0:02:07]} Qh5 {[%clk 0:00:13]} 34. axb5 {[%clk 0:01:55]} Rxa1
{[%clk 0:00:14]} 35. Qxa1 {[%clk 0:01:55]} Bxb5 {[%clk 0:00:15]} 36. Nc4
{[%clk 0:01:51]} Bxc4 {[%clk 0:00:16]} 37. bxc4 {[%clk 0:01:52]} Bd6
{[%clk 0:00:17]} 38. f4 {[%clk 0:01:49]} Nxf4 {[%clk 0:00:17]} 39. Qa6
{[%clk 0:01:48]} Nxd3 {[%clk 0:00:05]} 40. Qxc8+ {[%clk 0:01:49]} Nf8
{[%clk 0:00:06]} 41. Bg1 {[%clk 0:01:50]} Ne5 {[%clk 0:00:04]} 42. c5
{[%clk 0:01:48]} Be7 {[%clk 0:00:04]} 43. d4 {[%clk 0:01:40]} Ng4
{[%clk 0:00:05]} 44. Qb7 {[%clk 0:01:38]} Bf6 {[%clk 0:00:06]} 45. h3
{[%clk 0:01:28]} Nh6 {[%clk 0:00:04]} 46. c6 {[%clk 0:01:28]} Nf5
{[%clk 0:00:05]} 47. Rxf5 {[%clk 0:01:27]} Qxf5 {[%clk 0:00:04]} 48. c7
{[%clk 0:01:28]} Qf1 {[%clk 0:00:04]} 49. c8=R {[%clk 0:01:08]} Bxd4
{[%clk 0:00:05]} 50. Rxf8+ Kxf8 {[%clk 0:00:06]} 51. Qb4+ {[%clk 0:01:08]} Ke8
{[%clk 0:00:05]} 52. Qa4+ {[%clk 0:01:07]} Ke7 {[%clk 0:00:05]} 53. Qxd4
{[%clk 0:01:07]} f6 {[%clk 0:00:06]} 54. Qa7+ {[%clk 0:00:53]} Kf8
{[%clk 0:00:07]} 55. Qb8+ {[%clk 0:00:52]} Kf7 {[%clk 0:00:08]} 56. Qb7+
{[%clk 0:00:51]} Kf8 {[%clk 0:00:04]} 57. Qc7 {[%clk 0:00:50]} h6
{[%clk 0:00:04]} 58. Qd6+ {[%clk 0:00:49]} Kf7 {[%clk 0:00:05]} 59. Qd7+
{[%clk 0:00:51]} Kg6 {[%clk 0:00:06]} 60. Qxe6 {[%clk 0:00:51]} h5
{[%clk 0:00:07]} 61. Qe4+ {[%clk 0:00:52]} Kf7 {[%clk 0:00:08]} 62. Kh2
{[%clk 0:00:48]} Qb5 {[%clk 0:00:09]} 63. Bf2 {[%clk 0:00:48]} Qa5
{[%clk 0:00:09]} 64. Qc4+ {[%clk 0:00:48]} Kg6 {[%clk 0:00:10]} 65. Qd3+
{[%clk 0:00:48]} Kf7 {[%clk 0:00:11]} 66. Bg3 {[%clk 0:00:47]} Qg5
{[%clk 0:00:10]} 67. Qc4+ {[%clk 0:00:46]} Kg6 {[%clk 0:00:11]} 68. Qe6
{[%clk 0:00:44]} Qb5 {[%clk 0:00:11]} 69. Bf4 {[%clk 0:00:44]} Kh7
{[%clk 0:00:12]} 70. Bd6 {[%clk 0:00:43]} Kg6 {[%clk 0:00:12]} 71. Qe4+
{[%clk 0:00:40]} Kf7 {[%clk 0:00:13]} 72. Qf3 {[%clk 0:00:31]} Qg5
{[%clk 0:00:13]} 73. Qb3+ {[%clk 0:00:29]} Ke8 {[%clk 0:00:05]} 74. Qe6+
{[%clk 0:00:29]} Kd8 {[%clk 0:00:06]} 75. Qe7+ {[%clk 0:00:31]} Kc8
{[%clk 0:00:07]} 76. Qc7# {[%clk 0:00:32]} 1-0

[Event "Blitz 2018"]
[Site "Saint-Petersburg"]
[Date "2018.12.29"]
[Round "7"]
[Board "51"]
[White "Seliverstov Vladimir (RUS)"]
[Black "Christiansen Johan-Sebastian (NOR)"]
[Result "0-1"]
[LiveChessVersion "1.4.8"]
[BlackElo "2635"]
[WhiteElo "2512"]

1. d4 {[%clk 0:03:03]} Nf6 {[%clk 0:03:03]} 2. c4 {[%clk 0:03:03]} c5
{[%clk 0:03:04]} 3. d5 {[%clk 0:03:05]} b5 {[%clk 0:03:06]} 4. cxb5 a6 5. Nc3
{[%clk 0:03:07]} axb5 {[%clk 0:03:08]} 6. e4 {[%clk 0:03:08]} b4 {[%clk 0:03:07]}
7. Nb5 {[%clk 0:03:09]} d6 {[%clk 0:03:04]} 8. Bc4 {[%clk 0:03:10]} Nbd7
{[%clk 0:02:46]} 9. Nf3 {[%clk 0:03:09]} Nb6 {[%clk 0:02:35]} 10. Bd3
{[%clk 0:03:00]} Ba6 {[%clk 0:02:27]} 11. Qe2 {[%clk 0:02:45]} Bb7
{[%clk 0:01:25]} 12. b3 {[%clk 0:01:35]} g6 {[%clk 0:01:24]} 13. Bb2
{[%clk 0:01:35]} Bg7 {[%clk 0:01:26]} 14. O-O {[%clk 0:01:36]} O-O
{[%clk 0:01:26]} 15. Rfe1 {[%clk 0:01:32]} Re8 {[%clk 0:01:07]} 16. Qc2
{[%clk 0:01:05]} Ba6 {[%clk 0:01:04]} 17. a4 {[%clk 0:01:02]} bxa3
{[%clk 0:01:04]} 18. Rxa3 {[%clk 0:01:03]} Bb7 {[%clk 0:00:31]} 19. Na7
{[%clk 0:00:57]} Qc7 {[%clk 0:00:27]} 20. Rea1 {[%clk 0:00:56]} Rf8
{[%clk 0:00:25]} 21. Bb5 {[%clk 0:00:42]} e6 {[%clk 0:00:25]} 22. dxe6
{[%clk 0:00:39]} Bxe4 {[%clk 0:00:26]} 23. exf7+ {[%clk 0:00:39]} Rxf7
{[%clk 0:00:20]} 24. Qe2 {[%clk 0:00:41]} Nbd5 {[%clk 0:00:11]} 25. Ng5
{[%clk 0:00:40]} Bxg2 {[%clk 0:00:07]} 26. Nxf7 {[%clk 0:00:38]} Qxf7
{[%clk 0:00:09]} 27. Bc4 {[%clk 0:00:27]} Re8 {[%clk 0:00:10]} 28. Qd2
{[%clk 0:00:25]} Bf3 {[%clk 0:00:09]} 29. b4 {[%clk 0:00:24]} Qe6
{[%clk 0:00:09]} 30. Rxf3 {[%clk 0:00:25]} Qg4+ {[%clk 0:00:09]} 31. Rg3
{[%clk 0:00:26]} Qxc4 {[%clk 0:00:11]} 32. Bxf6 {[%clk 0:00:12]} Nxf6
{[%clk 0:00:11]} 33. Rc1 {[%clk 0:00:07]} Qa6 {[%clk 0:00:07]} 34. bxc5
{[%clk 0:00:03]} dxc5 {[%clk 0:00:07]} 35. Qc2 {[%clk 0:00:03]} Qxa7
{[%clk 0:00:08]} 36. Qc4+ {[%clk 0:00:03]} Kh8 {[%clk 0:00:09]} 37. Qxc5 Re1+
{[%clk 0:00:09]} 38. Kg2 {[%clk 0:00:06]} Qb7+ {[%clk 0:00:10]} 39. f3
{[%clk 0:00:06]} Re2+ {[%clk 0:00:11]} 40. Kf1 {[%clk 0:00:07]} Re8
{[%clk 0:00:12]} 41. Rc2 {[%clk 0:00:07]} Qb1+ {[%clk 0:00:12]} 42. Kg2
{[%clk 0:00:08]} Nh5 {[%clk 0:00:12]} 43. Rg4 {[%clk 0:00:09]} Qd1
{[%clk 0:00:08]} 44. Rf2 {[%clk 0:00:06]} Rf8 {[%clk 0:00:09]} 45. Qc7
{[%clk 0:00:06]} Nf6 {[%clk 0:00:06]} 46. Rc4 {[%clk 0:00:03]} Nh5
{[%clk 0:00:05]} 47. Qd6 {[%clk 0:00:00]} 0-1

[Event "Blitz 2018"]
[Site "Saint-Petersburg"]
[Date "2018.12.29"]
[Round "7"]
[Board "52"]
[White "Sarana Alexey (RUS)"]
[Black "Yilmaz Mustafa (TUR)"]
[Result "1/2-1/2"]
[LiveChessVersion "1.4.8"]
[BlackElo "2515"]
[WhiteElo "2616"]

1. d4 {[%clk 0:03:03]} Nf6 {[%clk 0:03:03]} 2. Bg5 {[%clk 0:03:04]} g6
{[%clk 0:02:57]} 3. Nd2 {[%clk 0:03:03]} Bg7 {[%clk 0:02:58]} 4. e4
{[%clk 0:03:04]} d6 {[%clk 0:02:59]} 5. Ngf3 {[%clk 0:03:04]} O-O
{[%clk 0:02:57]} 6. c3 {[%clk 0:03:05]} Nbd7 {[%clk 0:02:53]} 7. Bd3
{[%clk 0:03:05]} Qe8 {[%clk 0:02:45]} 8. O-O {[%clk 0:03:05]} e5 {[%clk 0:02:46]}
9. Re1 {[%clk 0:03:02]} Nh5 {[%clk 0:02:47]} 10. Nc4 {[%clk 0:02:57]} h6
{[%clk 0:02:40]} 11. Be3 {[%clk 0:02:58]} Nb6 {[%clk 0:02:38]} 12. Qd2
{[%clk 0:02:52]} Kh7 {[%clk 0:02:31]} 13. h3 {[%clk 0:02:52]} Qe7
{[%clk 0:02:13]} 14. b4 {[%clk 0:02:34]} Be6 {[%clk 0:02:14]} 15. Na5
{[%clk 0:02:33]} c6 {[%clk 0:02:10]} 16. dxe5 {[%clk 0:02:32]} dxe5
{[%clk 0:02:07]} 17. Bc5 {[%clk 0:02:33]} Qc7 {[%clk 0:02:07]} 18. Bxf8
{[%clk 0:02:32]} Rxf8 {[%clk 0:02:07]} 19. Qe3 {[%clk 0:02:32]} Nf4
{[%clk 0:02:02]} 20. Bf1 {[%clk 0:02:33]} Qe7 {[%clk 0:01:50]} 21. Kh2
{[%clk 0:02:33]} Qc7 {[%clk 0:01:41]} 22. g3 {[%clk 0:02:32]} Nh5
{[%clk 0:01:42]} 23. Rad1 {[%clk 0:02:27]} Nf6 {[%clk 0:01:25]} 24. Rd2
{[%clk 0:02:25]} Nfd7 {[%clk 0:01:10]} 25. Red1 {[%clk 0:02:26]} a6
{[%clk 0:01:08]} 26. Rd6 {[%clk 0:01:51]} Re8 {[%clk 0:01:07]} 27. R6d2
{[%clk 0:01:41]} Bf8 {[%clk 0:01:08]} 28. a3 {[%clk 0:01:41]} Bg7
{[%clk 0:01:05]} 29. Ne1 {[%clk 0:01:37]} f5 {[%clk 0:01:06]} 30. Bd3
{[%clk 0:01:26]} Nf6 {[%clk 0:01:05]} 31. exf5 {[%clk 0:01:23]} gxf5
{[%clk 0:01:06]} 32. c4 {[%clk 0:01:21]} e4 {[%clk 0:00:59]} 33. Be2
{[%clk 0:01:20]} h5 {[%clk 0:00:59]} 34. Qf4 {[%clk 0:01:16]} Qf7
{[%clk 0:00:58]} 35. Qd6 {[%clk 0:01:01]} Bf8 {[%clk 0:00:56]} 36. Qd4
{[%clk 0:01:00]} Bh6 {[%clk 0:00:55]} 37. Qxb6 {[%clk 0:01:00]} f4
{[%clk 0:00:45]} 38. Qxb7 {[%clk 0:00:49]} Re7 {[%clk 0:00:47]} 39. Qxc6
{[%clk 0:00:48]} e3 {[%clk 0:00:48]} 40. Bd3+ {[%clk 0:00:41]} Kg7
{[%clk 0:00:49]} 41. fxe3 {[%clk 0:00:42]} fxg3+ {[%clk 0:00:50]} 42. Kg2
{[%clk 0:00:36]} Nd5 {[%clk 0:00:40]} 43. Nc2 {[%clk 0:00:22]} Bxe3
{[%clk 0:00:34]} 44. Nxe3 {[%clk 0:00:14]} Nxe3+ {[%clk 0:00:35]} 45. Kg1
{[%clk 0:00:16]} Nxd1 {[%clk 0:00:35]} 46. Qe4 {[%clk 0:00:15]} Nf2
{[%clk 0:00:25]} 47. Qh7+ {[%clk 0:00:16]} Kf8 {[%clk 0:00:26]} 48. Qh8+
{[%clk 0:00:10]} Qg8 {[%clk 0:00:27]} 49. Qf6+ {[%clk 0:00:11]} Rf7
{[%clk 0:00:27]} 50. Qd8+ {[%clk 0:00:11]} Kg7 {[%clk 0:00:28]} 51. Qg5+
{[%clk 0:00:12]} Kf8 {[%clk 0:00:28]} 52. Qd8+ {[%clk 0:00:09]} Kg7
{[%clk 0:00:29]} 53. Qg5+ {[%clk 0:00:10]} Kf8 54. Qc5+ Re7 {[%clk 0:00:25]} 55.
Bf1 {[%clk 0:00:12]} Qg6 {[%clk 0:00:16]} 56. Qe5 {[%clk 0:00:05]} Bxh3
{[%clk 0:00:12]} 57. Rd8+ Kf7 58. Qf4+ {[%clk 0:00:06]} Qf5 {[%clk 0:00:12]} 59.
Qh6 {[%clk 0:00:05]} Re8 {[%clk 0:00:11]} 60. Rxe8 {[%clk 0:00:04]} Kxe8
{[%clk 0:00:12]} 61. Qe3+ {[%clk 0:00:05]} Kd8 {[%clk 0:00:04]} 62. Qxg3
{[%clk 0:00:04]} Bxf1 {[%clk 0:00:05]} 63. Qxf2 {[%clk 0:00:05]} Qxf2+
{[%clk 0:00:04]} 64. Kxf2 {[%clk 0:00:06]} Bd3 {[%clk 0:00:05]} 65. Ke3
{[%clk 0:00:07]} Bf1 {[%clk 0:00:05]} 66. Kf2 {[%clk 0:00:08]} Bd3
{[%clk 0:00:06]} 67. Kg3 {[%clk 0:00:08]} Kc7 {[%clk 0:00:06]} 68. c5
{[%clk 0:00:09]} Kd7 {[%clk 0:00:07]} 69. Kh4 {[%clk 0:00:09]} Be2
{[%clk 0:00:08]} 70. Nb3 {[%clk 0:00:11]} Bg4 {[%clk 0:00:05]} 71. Nd4
{[%clk 0:00:12]} Kc7 {[%clk 0:00:06]} 72. Kg5 {[%clk 0:00:12]} Kd7
{[%clk 0:00:07]} 73. a4 {[%clk 0:00:13]} Kc7 {[%clk 0:00:09]} 74. b5
{[%clk 0:00:14]} axb5 {[%clk 0:00:10]} 75. axb5 {[%clk 0:00:15]} Kb7
{[%clk 0:00:08]} 76. Nb3 {[%clk 0:00:14]} Be2 {[%clk 0:00:07]} 77. Na5+
{[%clk 0:00:15]} Ka7 {[%clk 0:00:07]} 78. Nc6+ {[%clk 0:00:11]} Kb7
{[%clk 0:00:05]} 79. Na5+ {[%clk 0:00:11]} Ka7 {[%clk 0:00:06]} 80. b6+
{[%clk 0:00:12]} Ka6 {[%clk 0:00:07]} 81. Nc6 {[%clk 0:00:10]} Kb7
{[%clk 0:00:03]} 82. Nd4 {[%clk 0:00:11]} Bg4 {[%clk 0:00:04]} 83. Nf5
{[%clk 0:00:07]} Kc6 {[%clk 0:00:05]} 84. Ne7+ {[%clk 0:00:08]} Kb7
{[%clk 0:00:04]} 85. Nd5 {[%clk 0:00:10]} Bf3 {[%clk 0:00:05]} 86. Nb4
{[%clk 0:00:10]} Bg4 {[%clk 0:00:04]} 87. Nc2 {[%clk 0:00:11]} Bd1
{[%clk 0:00:05]} 88. Nd4 {[%clk 0:00:12]} Bg4 {[%clk 0:00:06]} 89. Nb3
{[%clk 0:00:14]} Bf3 {[%clk 0:00:06]} 90. Kf4 {[%clk 0:00:14]} Bg2
{[%clk 0:00:07]} 91. Kg3 {[%clk 0:00:13]} Bd5 {[%clk 0:00:08]} 92. Nd4
{[%clk 0:00:14]} Ka6 {[%clk 0:00:05]} 93. Kh4 {[%clk 0:00:15]} Bf7
{[%clk 0:00:05]} 94. Kg5 {[%clk 0:00:13]} Be8 {[%clk 0:00:05]} 95. Ne6
{[%clk 0:00:12]} Kb7 {[%clk 0:00:07]} 96. Nd4 {[%clk 0:00:10]} Ka6
{[%clk 0:00:08]} 97. Nf5 {[%clk 0:00:11]} Bc6 {[%clk 0:00:04]} 98. Nd4
{[%clk 0:00:06]} Be8 {[%clk 0:00:04]} 99. Kh4 {[%clk 0:00:08]} Kb7
{[%clk 0:00:05]} 100. Kh3 {[%clk 0:00:08]} Ka6 {[%clk 0:00:05]} 101. Kg3
{[%clk 0:00:09]} Kb7 {[%clk 0:00:06]} 102. Kh4 {[%clk 0:00:10]} Ka6
{[%clk 0:00:07]} 103. Kg5 {[%clk 0:00:10]} Kb7 {[%clk 0:00:07]} 104. Nb5
{[%clk 0:00:09]} Bxb5 {[%clk 0:00:07]} 105. Kxh5 {[%clk 0:00:10]} Ba6
{[%clk 0:00:07]} 106. Kg5 {[%clk 0:00:11]} Kc6 {[%clk 0:00:09]} 1/2-1/2